Online
Catalog

Guía de estudio del taller 4 : (Record no. 46202)

MARC details
000 -CABECERA
campo de control de longitud fija 01184nam a2200241 a 4500
001 - NÚMERO DE CONTROL
campo de control 000046713
005 - FECHA Y HORA DE LA ÚLTIMA TRANSACCIÓN
campo de control 20201002053051.0
008 - DATOS DE LONGITUD FIJA--INFORMACIÓN GENERAL
campo de control de longitud fija 180320s2015 dr a 000 0 spa d
020 ## - NÚMERO INTERNACIONAL ESTÁNDAR DEL LIBRO
Número Internacional Estándar del Libro 9789945901054
040 ## - FUENTE DE LA CATALOGACIÓN
Centro catalogador/agencia de origen DO-SdBNP
Lengua de catalogación spa
Centro/agencia transcriptor BNPHU
082 ## - NÚMERO DE LA CLASIFICACIÓN DECIMAL DEWEY
Número de clasificación xxx
Número de documento/Ítem I37g, 4to.
100 1# - ENTRADA PRINCIPAL--NOMBRE DE PERSONA
Nombre de persona Inchaustegui, Maria Isabel
9 (RLIN) 29568
245 10 - MENCIÓN DE TÍTULO
Título Guía de estudio del taller 4 :
Resto del título textos literatios: el cuento, la fábula y la historieta /
Mención de responsabilidad, etc. Maria Isabel Incháustegui.
260 ## - PUBLICACIÓN, DISTRIBUCIÓN, ETC.
Lugar de publicación, distribución, etc. Santo Domingo :
Nombre del editor, distribuidor, etc. MINERD,
Fecha de publicación, distribución, etc. 2015.
300 ## - DESCRIPCIÓN FÍSICA
Extensión 20 p. :
Otras características físicas il. ;
Dimensiones 28cm.
490 1# - MENCIÓN DE SERIE
Mención de serie Desarrollo profesional docente. Enseñanza de la lengua española.
500 ## - NOTA GENERAL
Nota general Política de apoyo a los aprendizajes de los primeros grados del nivel primario en lectura, escritura y matemática.
500 ## - NOTA GENERAL
Nota general Regional educativa 05 San Pedro de Macorís, 12 Higuey y 17 Monte Plata
500 ## - NOTA GENERAL
Nota general A la cabeza del titulo: Desarrollo Profesional Docente. Capacitación de Docentes para la Enseñanza de la Lectura y la Escritura.
590 ## - NOTA LOCAL (RLIN)
Nota local Inventariado, 2018/MFF
710 1# - PUNTO DE ACCESO ADICIONAL--NOMBRE DE ENTIDAD CORPORATIVA
Nombre de entidad corporativa o nombre de jurisdicción como elemento de entrada República Dominicana.
Unidad subordinada Ministerio de Educación.
9 (RLIN) 43100
830 #0 - PUNTO DE ACCESO ADICIONAL DE SERIE-TÍTULO UNIFORME
Título uniforme Desarrollo profesional docente. Enseñanza de la lengua española.
9 (RLIN) 74657
Holdings
Estado de retiro Estado de pérdida Restricciones de uso No para préstamo Código de colección Localización permanente Ubicación/localización actual Ubicación en estantería Fecha de adquisición Número de inventario Total de préstamos Signatura topográfica completa Código de barras Fecha visto por última vez Número de copia Precio válido a partir de Tipo de ítem Koha
        Dominicana de Servicio General General Depósito 20.03.2018 LF1   xxx I37g, 4to. 46713-30 25.06.2020 e. 3 25.06.2020 Libro y Folleto Colección Dominicana de Servicio
      Excluido de préstamo Patrimonio Dominicano Patrimonio Dominicano Patrimonio Dominicano Depósito 20.03.2018 LF1   xxx I37g, 4to. 46713-10 25.06.2020   25.06.2020 Libro y Folleto Colección Patrimonio Dominicano
      Excluido de préstamo Patrimonio Dominicano Patrimonio Dominicano Patrimonio Dominicano Depósito 20.03.2018 LF1   xxx I37g, 4to. 46713-20 25.06.2020 e. 2 25.06.2020 Libro y Folleto Colección Patrimonio Dominicano

Powered by Koha